000 01142nam a2200313 c 4500
003 BLK
005 20250603142809.0
008 180410b bul|||||r ||||||| ||bul||
010 _aKNG00167969000
020 _a978-954-769-312-8
_bиздат.: Обсидиан
040 _aBLK
041 _aBUL
_cBUL
080 _aБългарска литература
_b821.163.2
_x-32
_z821.163.2-32
100 _aРусев, Богдан Бориславов
_d1975-
_9365584
139 _aРусев, Богдан Бориславов
_bР 94
245 1 0 _aДумите
_bНовели
_cБогдан Бориславов Русев.
257 _aBGR
260 София
_bОбсидиан
_c2012
_fВ. Търново : Абагар
300 _a208 с.
_c20 см
380 _aX
500 _aСъдържа : Духове ; Племена ; Бурени ; Корени.
653 _aновели
852 _aЦб 271638
856 4 _qpdf
_u
856 4 _qpdf
_u
942 _cKNG
_n0
_012
944 _aCR
_c28.11.2014
_lМинев Младен
_k30530
944 _aED
_c05.12.2014
_lф /
_kЛюдмила_Стоянова
999 _c160687
_d160687